Vista normal Vista MARC

Entrada Geographic Name

Número de registros utilizados en: 1

001 - CONTROL NUMBER

  • control field: 12306

003 - CONTROL NUMBER IDENTIFIER

  • control field: OSt

005 - DATE AND TIME OF LATEST TRANSACTION

  • control field: 20201030142227.0

008 - FIXED-LENGTH DATA ELEMENTS

  • fixed length control field: 201030|| aca||aabn | a|a d

040 ## - CATALOGING SOURCE

  • Original cataloging agency: OSt
  • Transcribing agency: OSt

151 ## - HEADING--GEOGRAPHIC NAME

  • Geographic name: Cundinamarca (Colombia)
  • General subdivision: Historia
  • General subdivision: Fuentes
  • Chronological subdivision: Siglo XIX-XX

670 ## - SOURCE DATA FOUND

  • Source citation: Work cat.: (OSt)0: Marín Tobar, Jorge Iván, autor 12302, Historia y sociedad en Cundinamarca, 2006.